Great marques BMW

Gardado en:
Detalles Bibliográficos
Autor Principal: Walton, Jeremy
Formato: Libro
Idioma:Undetermined
Publicado: London 1983
Những chủ đề:
Các nhãn: Engadir etiqueta
Sen Etiquetas, Sexa o primeiro en etiquetar este rexistro!
Thư viện lưu trữ: Trung tâm Học liệu Trường Đại học Cần Thơ
LEADER 00468nam a2200181Ia 4500
001 CTU_104831
008 210402s9999 xx 000 0 und d
082 |a 629.2 
082 |b W239 
100 |a Walton, Jeremy 
245 0 |a Great marques BMW 
245 0 |c Jeremy Walton; John Blunsden editor 
260 |a London 
260 |c 1983 
650 |a BMW automobiles 
650 |x History 
904 |i M.Loan 
980 |a Trung tâm Học liệu Trường Đại học Cần Thơ